On rubber prices and buffer stock (Record no. 64355)

MARC details
000 -LEADER
fixed length control field 00300nam a2200121Ia 4500
100 ## - MAIN ENTRY--AUTHOR NAME
Personal name Cyriac P C
245 #0 - TITLE STATEMENT
Title On rubber prices and buffer stock
260 ## - PUBLICATION, DISTRIBUTION, ETC. (IMPRINT)
Name of publisher Rubber Board Bulletin
Year of publication 1987
300 ## - PHYSICAL DESCRIPTION
Number of Pages 6-May
650 ## - SUBJECT ADDED ENTRY--TOPICAL TERM
Topical Term Rubber prices
942 ## - ADDED ENTRY ELEMENTS (KOHA)
Koha item type Journals
Holdings
Withdrawn status Lost status Damaged status Not for loan Home library Current library Shelving location Date acquired Serial Enumeration / chronology Koha item type
      Journals RRII Library RRII Library Rubber general 17/12/2021 Volume 23, Issue 1 Journals